Radical atheism : (Record no. 14755)
[ view plain ]
| 000 -LEADER | |
|---|---|
| fixed length control field | 02048cam a2200277 a 4500 |
| 001 - CONTROL NUMBER | |
| control field | TB12447 |
| 003 - CONTROL NUMBER IDENTIFIER | |
| control field | IN-BhIIT |
| 005 - DATE AND TIME OF LATEST TRANSACTION | |
| control field | 20250806163836.0 |
| 008 - FIXED-LENGTH DATA ELEMENTS--GENERAL INFORMATION | |
| fixed length control field | 080408s2008 cau b 001 0 eng c |
| 020 ## - INTERNATIONAL STANDARD BOOK NUMBER | |
| ISBN | 9780804700788 (PBK.) |
| 040 ## - CATALOGING SOURCE | |
| Original cataloging agency | IN-BhIIT |
| 041 ## - LANGUAGE CODE | |
| Language code of text | eng |
| 082 00 - DEWEY DECIMAL CLASSIFICATION NUMBER | |
| Classification number | 211.8092 |
| Book number | HAG/R |
| 100 1# - MAIN ENTRY--AUTHOR NAME | |
| Personal name | Hagglund, Martin. |
| Relator term | Author |
| 245 10 - TITLE STATEMENT | |
| Title | Radical atheism : |
| Sub Title | derrida and the time of life / |
| Statement of responsibility, etc | Martin Hagglund. |
| 260 ## - PUBLICATION, DISTRIBUTION, ETC. (IMPRINT) | |
| Place of publication | Stanford, Calif. : |
| Name of publisher | Stanford University Press, |
| Year of publication | 2008. |
| 300 ## - PHYSICAL DESCRIPTION | |
| Number of Pages | ix, 255 p. : |
| Other physical details(ill.) | ill. ; |
| Dimensions(size) | 23 cm. |
| 490 1# - SERIES STATEMENT | |
| Series statement | Meridian, crossing aesthetics |
| 504 ## - BIBLIOGRAPHY, ETC. NOTE | |
| Bibliography, etc | Includes bibliographical references and index. |
| 505 0# - FORMATTED CONTENTS NOTE | |
| Formatted contents note | Autoimmunity of time : Derrida and Kant -- Arche-writing : Derrida and Husserl -- Arche-violence : Derrida and Levinas -- Autoimmunity of life : Derrida's radical atheism -- Autoimmunity of democracy : Derrida and Laclau. |
| 520 ## - SUMMARY, ETC. | |
| Summary, etc | Radical Atheism presents a profound new reading of the influential French philosopher Jacques Derrida. Against the prevalent notion that there was an ethical or religious "turn" in Derrida's thinking, Hagglund argues that a radical atheism informs Derrida's work from beginning to end. Proceeding from Derrida's insight into the constitution of time, Hägglund demonstrates how Derrida rethinks the condition of identity, ethics, religion, and political emancipation in accordance with the logic of radical atheism. Hägglund challenges other major interpreters of Derrida's work and offers a compelling account of Derrida's thinking on life and death, good and evil, self and other. Furthermore, Hägglund does not only explicate Derrida's position but also develops his arguments, fortifies his logic, and pursues its implications. The result is a groundbreaking deconstruction of the perennial philosophical themes of time and desire as well as pressing contemporary issues of sovereignty and democracy. |
| 650 #0 - SUBJECT ADDED ENTRY--TOPICAL TERM | |
| Topical Term | Atheism. |
| Topical Term | Deconstruction. |
| Topical Term | Philosophy and religion. |
| 942 ## - ADDED ENTRY ELEMENTS (KOHA) | |
| Koha item type | Text Book |
| Withdrawn status | Lost status | Damaged status | Not for loan | Collection code | Home library | Current library | Date acquired | Source of acquisition | Cost, normal purchase price | Full call number | Accession Number | Cost, replacement price | Price effective from | Koha item type |
|---|---|---|---|---|---|---|---|---|---|---|---|---|---|---|
| Not withdrawn | Not Lost | not damaged | SHSSM | Central Library, IIT Bhubaneswar | Central Library, IIT Bhubaneswar | 06/03/2025 | 22 | 1902.67 | 211.8092 HAG/R | TB12447 | 2606.40 | 06/03/2025 | Text Book |